Size matters (Record no. 105595)
[ view plain ]
| 000 -LEADER | |
|---|---|
| fixed length control field | 01337cam a2200241 4500 |
| 001 - CONTROL NUMBER | |
| control field | ##L134205 |
| 008 - FIXED-LENGTH DATA ELEMENTS--GENERAL INFORMATION | |
| fixed length control field | 060717n2006 000 0 eng u |
| 020 ## - INTERNATIONAL STANDARD BOOK NUMBER | |
| International Standard Book Number | 1852618914 |
| 035 ## - SYSTEM CONTROL NUMBER | |
| System control number | (Sirsi) u134205 |
| 041 0# - LANGUAGE CODE | |
| Language code of text/sound track or separate title | eng |
| 050 04 - LIBRARY OF CONGRESS CALL NUMBER | |
| Classification number | 306.1 $2 18 |
| 110 2# - MAIN ENTRY--CORPORATE NAME | |
| Corporate name or jurisdiction name as entry element | London |
| Subordinate unit | Greater London Authority |
| -- | London Assembly |
| -- | Planning and Spatial Development Committee |
| 9 (RLIN) | 4985 |
| 245 00 - TITLE STATEMENT | |
| Title | Size matters |
| Remainder of title | the need for more family homes in London |
| Medium | [electronic resource] |
| 260 ## - PUBLICATION, DISTRIBUTION, ETC. | |
| Place of publication, distribution, etc. | London |
| Name of publisher, distributor, etc. | GLA |
| Date of publication, distribution, etc. | 2006 |
| 520 ## - SUMMARY, ETC. | |
| Summary, etc. | Aims to set out clearly how affordable housing should be defined and describes how it is provided. Highlights that housing provision in many London boroughs is falling behind ambitious targets. Presses for greater clarity in defining affordable housing in borough development plans, changes to the Mayor's London Plan to give better incentive to the building of homes with more bedrooms and for more sophisticated methods of calculating necessary housing requirements. |
| 590 ## - LOCAL NOTE (RLIN) | |
| Local note | IKA180706, KA |
| 650 24 - SUBJECT ADDED ENTRY--TOPICAL TERM | |
| Topical term or geographic name entry element | Affordable housing |
| 9 (RLIN) | 6215 |
| 650 24 - SUBJECT ADDED ENTRY--TOPICAL TERM | |
| Topical term or geographic name entry element | LONDON PLAN |
| 651 #4 - SUBJECT ADDED ENTRY--GEOGRAPHIC NAME | |
| Geographic name | LONDON |
| 690 ## - LOCAL SUBJECT ADDED ENTRY--TOPICAL TERM (OCLC, RLIN) | |
| Topical term or geographic name as entry element | PROPERTY-RESIDENTIAL PROPERTY-RESIDENTIAL PROPERTY DEVELOPMENT |
| 856 40 - ELECTRONIC LOCATION AND ACCESS | |
| Uniform Resource Identifier | <a href="https://legacy.london.gov.uk/assembly/reports/plansd/affordable-housing.pdf">https://legacy.london.gov.uk/assembly/reports/plansd/affordable-housing.pdf</a> |
| Public note | View the research free of charge at legacy.london.gov.uk |
| 942 ## - ADDED ENTRY ELEMENTS (KOHA) | |
| Suppress in OPAC | 0 |
| Withdrawn status | Lost status | Source of classification or shelving scheme | Damaged status | Not for loan | Home library | Current library | Shelving location | Date acquired | Total Checkouts | Full call number | Barcode | Date last seen | Copy number | Price effective from | Koha item type |
|---|---|---|---|---|---|---|---|---|---|---|---|---|---|---|---|
| Dewey Decimal Classification | Virtual | Virtual | Online | 17/07/2006 | ONLINE PUBLICATION | 134205-2001 | 06/08/2019 | 1 | 06/08/2019 | Book |